=LDR 00000nam 2200000 4500 =001 INLIS000000000008658 =005 20130612100511 =008 ***********************************Ind** =035 ##$$0010-061300000008658 =041 ##$$a Ind =082 ##$$a 641.5 =090 ##$$a 641.5, Hid h =245 ##$$a Hidangan Steak dan Salad =260 ##$$a 2000 $b [S.L]Harmoni =300 ##$$a 156 hlm, ilus, 14 cm =650 ##$$a Masakan